|
|
|
|
| LEADER |
01988nam a2200505 i 4500 |
| 001 |
nkc20203255952 |
| 003 |
CZ PrNK |
| 005 |
20210225123047.0 |
| 007 |
ta |
| 008 |
200930s2020 xr a e c 000 0dcze |
| 020 |
|
|
|a 978-80-88319-20-7
|q (skládanka)
|
| 040 |
|
|
|a ABA001
|b cze
|e rda
|
| 043 |
|
|
|a e-xr---
|
| 045 |
|
|
|a x-y-
|
| 072 |
|
7 |
|a 74
|x Kresba. Umělecká řemesla
|2 Konspekt
|9 21
|
| 080 |
|
|
|a 741/744(437.3)
|2 MRF
|
| 080 |
|
|
|a 7.038.54
|2 MRF
|
| 080 |
|
|
|a (437.3)
|2 MRF
|
| 080 |
|
|
|a (083.824)
|2 MRF
|
| 100 |
1 |
|
|a Steklík, Jan,
|d 1938-2017
|7 jn20000402280
|4 art
|
| 245 |
1 |
0 |
|a Jan Steklík :
|b kresby /
|c text: Duňa Slavíková
|
| 246 |
3 |
0 |
|a Kresby - Jan Steklík
|
| 264 |
|
1 |
|a [Karlovy Vary] :
|b Galerie umění Karlovy Vary, příspěvková organizace Karlovarského kraje,
|c 2020
|
| 300 |
|
|
|a 8 nečíslovaných stran :
|b ilustrace (převážně barevné) ;
|c 21 cm
|
| 336 |
|
|
|a text
|b txt
|2 rdacontent
|
| 336 |
|
|
|a statický obraz
|b sti
|2 rdacontent
|
| 337 |
|
|
|a bez média
|b n
|2 rdamedia
|
| 338 |
|
|
|a svazek
|b nc
|2 rdacarrier
|
| 500 |
|
|
|a Vydáno k výstavě konané v Interaktivní galerii Becherova vila, 10.9.-8.11.2020, Karlovy Vary
|
| 500 |
|
|
|a 400 výtisků
|
| 600 |
1 |
7 |
|a Steklík, Jan,
|d 1938-2017
|7 jn20000402280
|2 czenas
|
| 648 |
|
7 |
|a 20.-21. století
|7 ch462155
|2 czenas
|
| 650 |
0 |
7 |
|a česká kresba
|7 ph116857
|y 20.-21. století
|2 czenas
|
| 650 |
0 |
7 |
|a konceptuální umění
|7 ph121783
|z Česko
|2 czenas
|
| 650 |
0 |
9 |
|a Czech drawing
|y 20th-21st centuries
|2 eczenas
|
| 650 |
0 |
9 |
|a conceptual art
|z Czechia
|2 eczenas
|
| 655 |
|
7 |
|a katalogy výstav
|7 fd132536
|2 czenas
|
| 655 |
|
9 |
|a exhibition catalogs
|2 eczenas
|
| 700 |
1 |
|
|a Slavíková, Duňa,
|d 1949-
|7 xx0091557
|4 aut
|
| 710 |
2 |
|
|a Interaktivní galerie Becherova vila (Karlovy Vary, Česko)
|7 kv2011642934
|4 orm
|
| 910 |
2 |
|
|a BOA001
|b 2-1459.137
|
| 990 |
|
|
|a BK
|
| 995 |
|
|
|a 11
|
| 991 |
|
|
|b 202102
|c NOV
|
| 996 |
6 |
|
|b 2610852428
|c 2-1459.137
|l MZK
|r Sklad / do 1 hodiny
|n 0
|p p.v.
|w 001839669
|u 000010
|a 1
|e BOA001
|j MZK50
|s P
|